| 000 | 01843cam a22003974a 4500 | ||
|---|---|---|---|
| 005 | 20100726125122.0 | ||
| 008 | 071019s2008 enk b 001 0 eng | ||
| 010 | _a 2007042487 | ||
| 019 | _a503058598 | ||
| 020 | _a9780415774567 | ||
| 020 | _a041577456x | ||
| 020 | _a9780415774574 | ||
| 020 | _a0415774578 | ||
| 020 | _a9780203928400 | ||
| 020 | _a0203928407 | ||
| 035 |
_a(OCoLC)176648877 _z(OCoLC)503058598 |
||
| 050 | 0 | 0 |
_aJC571 _b.R353 2008 |
| 082 | 0 | 0 |
_a323 _222 |
| 100 | 1 | _aRamcharan, B. G. | |
| 245 | 1 | 0 |
_aContemporary human rights ideas / _cBertrand G. Ramcharan. |
| 260 |
_aLondon ; _aNew York : _bRoutledge, _c2008. |
||
| 300 |
_axxiv, 192 p. ; _c22 cm. |
||
| 490 | 1 | _aRoutledge global institutions | |
| 504 | _aIncludes bibliographical references (p. [162]-178) and index. | ||
| 505 | 0 | _aHistory : shared heritage, common struggle -- Human rights in the world community -- International obligation -- Universality -- Equality -- Democracy -- Development -- International cooperation and dialogue -- Protection -- Justice, remedy, and reparation -- Conclusion. | |
| 650 | 0 | _aHuman rights. | |
| 650 | 0 |
_aHuman rights _xInternational cooperation. |
|
| 650 | 4 | _aDerechos humanos. | |
| 650 | 4 |
_aDerechos humanos _xCooperación internacional. |
|
| 650 | 0 | 7 |
_aMenschenrecht _2swd |
| 776 | 0 | 8 |
_iOnline version: _aRamcharan, B. G. _tContemporary human rights ideas. _dLondon ; New York : Routledge, 2008 _w(OCoLC)609156942 |
| 830 | 0 | _aGlobal institutions series. | |
| 856 | 4 | 2 |
_3Publisher description _uhttp://www.loc.gov/catdir/enhancements/fy0806/2007042487-d.html |
| 856 | 4 | 1 |
_3Table of contents only _uhttp://www.loc.gov/catdir/toc/ecip082/2007042487.html |
| 999 |
_c564 _d564 |
||